[Event "Papp Bela mem"]
[Site "HUN"]
[Date "1995.??.??"]
[Round "?"]
[White "Othman, A Moussa"]
[Black "Bagyanszky, Attila"]
[Result "1-0"]
[WhiteElo "2225"]
[BlackElo "2130"]

1.d4 Nf6 2.c4 c6 3.Nf3 d5 4.e3 e6 5.Nc3 Nbd7 6.Bd3 dxc4 7.Bxc4 b5 8.Bd3 a6
9.a4 Bb7 10.O-O Be7 11.e4 b4 12.e5 bxc3 13.exf6 Nxf6 14.bxc3 O-O 15.Rb1 Qc7
16.Bf4 Qxf4 17.Rxb7 Bd8 18.Ne5 Ba5 19.Qc2 c5 20.g3 Qg5 21.f4 Qh5 22.Be2 Qh3
23.dxc5 Nd5 24.Rf3 Rfc8 25.Nxf7 Rxc5 26.Ng5 Qh6 27.Bd3 Nf6 28.Nxe6 Rxc3 29.Qa2 Rc1+
30.Kg2 Kh8 31.Ng5 Qh5 32.Nf7+ Kg8 33.Nh6+ Kh8 34.Nf7+ Kg8 35.Be2 Qd5 36.Qxd5 Nxd5
37.Bd3 Re8 38.Ne5 h6 39.Bc4 Rxe5 40.Rb8+ Kh7 41.Bd3+ g6 42.fxe5 Rc7 43.e6 Bb4  1-0

[Event "HUN-chT1 9596"]
[Site "HUN"]
[Date "1995.??.??"]
[Round "2"]
[White "Dao Thien Hai"]
[Black "Cosma, Ioan"]
[Result "1-0"]
[WhiteElo "2480"]
[BlackElo "2440"]

1.d4 d5 2.c4 c6 3.Nf3 Nf6 4.Nc3 e6 5.e3 Nbd7 6.Qc2 Bd6 7.g4 dxc4 8.Bxc4 b5
9.Be2 Bb7 10.a3 h6 11.Rg1 a5 12.g5 hxg5 13.Rxg5 b4 14.Na4 Kf8 15.h4 Rc8 16.axb4 Bxb4+
17.Bd2 Nd5 18.Bxb4+ Nxb4 19.Qd2 Rxh4 20.Rg1 Rh6 21.Rc1 c5 22.Nxc5 Nxc5 23.Rxc5 Bxf3
24.Bxf3 Rf6 25.Rh1 Rxc5 26.Rh8+ Ke7 27.Rxd8 Rc2 28.Qd1 Kxd8 29.Kf1 g5 30.Be2 Rh6
31.Kg2 Ke7 32.b3 Rh8 33.Bd3 Rc3 34.Bc4 Rc2 35.Qg4 Rh6 36.Qxg5+ Rf6 37.Qc5+ Kd7
38.Bb5+ Kd8 39.Qd6+ Kc8  1-0

[Event "HUN-chT2 9596"]
[Site "HUN"]
[Date "1995.??.??"]
[Round "2"]
[White "Lukacs, Peter"]
[Black "Horvath, Csaba"]
[Result "1/2-1/2"]
[WhiteElo "2490"]
[BlackElo "2500"]

1.d4 d5 2.c4 c6 3.Nc3 Nf6 4.e3 e6 5.Nf3 Nbd7 6.Bd3 dxc4 7.Bxc4 b5 8.Bd3 Bb7
9.O-O a6 10.e4 c5 11.d5 Qc7 12.Bc2 c4 13.dxe6 fxe6 14.Ng5 Nc5 15.e5 Qxe5
16.Re1 Qd6 17.Qxd6 Bxd6 18.Be3 O-O 19.Rad1 Be7 20.Bxc5 Bxc5 21.Nxe6 Rfc8
22.h3  1/2-1/2

[Event "HUN-chT2 9596"]
[Site "HUN"]
[Date "1995.??.??"]
[Round "4"]
[White "Szirti, Laszlo"]
[Black "Vamos, Viktor"]
[Result "0-1"]
[WhiteElo "2240"]
[BlackElo "2145"]

1.d4 d5 2.c4 c6 3.e3 Nf6 4.Nc3 e6 5.Nf3 Nbd7 6.a3 Bd6 7.c5 Bc7 8.b4 e5 9.dxe5 Nxe5
10.Nd4 Qe7 11.Be2 O-O 12.Bb2 Bg4 13.Nf3 Bxf3 14.Bxf3 d4 15.Na4 dxe3 16.O-O Nc4
17.Rc1 Nxb2 18.Nxb2 Qe5 19.fxe3 Qxb2 20.Qd3 Rad8 21.Qf5 Qxa3 22.Rc4 Qxe3+
23.Kh1 Qe5 24.Qh3 Rd4  0-1

[Event "HUN-chT2 9596"]
[Site "HUN"]
[Date "1995.??.??"]
[Round "5"]
[White "Domotor, Jozsef"]
[Black "Vamos, Viktor"]
[Result "1/2-1/2"]
[WhiteElo "2150"]
[BlackElo "2145"]

1.d4 d5 2.Nf3 Nf6 3.c4 c6 4.e3 e6 5.Nc3 Nbd7 6.Bd3 dxc4 7.Bxc4 b5 8.Bd3 a6
9.e4 c5 10.e5 cxd4 11.Nxb5 Ng4 12.Qa4 Qb6 13.O-O Bb7 14.Nbxd4 Bc5 15.Nxe6 Qxe6
16.Ng5 Qd5 17.Qxg4 Qxd3 18.e6 Ne5 19.exf7+ Kf8 20.Ne6+ Kxf7 21.Ng5+ Kf8 22.Qf4+ Kg8
23.Qxe5 Qd5 24.Qxd5+ Bxd5 25.Rd1 Bc6 26.Be3 Bxe3 27.fxe3 h6 28.Nf3 Bxf3 29.gxf3 Kh7
30.Rac1 Rhe8 31.Kf2 Re7 32.Rd3 Rb8 33.b3 Rb5 34.Rc4 Rh5 35.h4 Rf7 36.Kg3 Rhf5
37.e4 R5f6 38.Rcd4 Rg6+ 39.Kf2 Rf4 40.e5 Rf5 41.Re4 Re6 42.Rd5 g5 43.hxg5 Rxg5
44.f4 Rh5 45.Ke3 Rh3+ 46.Kd4 Kg6 47.Rd8 Rh2 48.Rf8 Kg7 49.Rb8 Kg6 50.Kd5 Re7
51.Rb6+ Kf5 52.Rf6+ Kg4 53.Kd6 Re8 54.e6 Rd2+ 55.Ke5 Rxa2 56.Rxh6 Ra5+ 57.Kd6 Rb5
58.Rc4 Rxb3 59.Kd7 Reb8 60.e7 Re3 61.Rc7 Kxf4 62.Rf6+ Kg5 63.Rf8 Rd3+ 64.Ke6 Rb6+
65.Kf7 Rf3+ 66.Ke8 Rb8+ 67.Kd7 Rbxf8 68.exf8=Q Rxf8  1/2-1/2

[Event "Ikaros op"]
[Site "Ikarios"]
[Date "1995.??.??"]
[Round "4"]
[White "Banikas, Hristos"]
[Black "Argiroudis, Stamatis"]
[Result "1-0"]
[WhiteElo "2375"]
[BlackElo "2190"]

1.d4 d5 2.Nf3 Nf6 3.c4 c6 4.Nc3 e6 5.e3 Nbd7 6.Qc2 Bd6 7.Be2 O-O 8.O-O e5
9.cxd5 cxd5 10.dxe5 Nxe5 11.Rd1 Nxf3+ 12.Bxf3 Qc7 13.h3 Bh2+ 14.Kh1 Be5 15.Bd2 Be6
16.Be1 Rfd8 17.Rac1 Rac8 18.Qa4 Qc4 19.Qxc4 Rxc4 20.Be2 Rcc8 21.Bf3 b6 22.b3 d4
23.exd4 Rxd4 24.Nb5 Rxd1 25.Rxd1 Bb8 26.Bb7 Re8 27.Bc3 h6 28.Bf3 a5 29.Bd4 Nd7
30.Be3 Nc5 31.Nd6 Rd8 32.Bxc5 bxc5 33.Nb7 Rxd1+ 34.Bxd1 Ba7 35.Nxa5 Kf8 36.Be2 Bb6
37.Nc4 Bxc4 38.Bxc4 f5 39.Kg1 Ke7 40.Kf1 g5 41.Ke2 h5 42.Ke3 h4 43.f4 gxf4+
44.Kxf4 Kf6 45.g4 Bc7+ 46.Kf3 fxg4+ 47.hxg4 Kg5 48.Bf1  1-0

[Event "Ikaros op"]
[Site "Ikarios"]
[Date "1995.??.??"]
[Round "6"]
[White "Grivas, Efstratios"]
[Black "Vojinovic, Goran"]
[Result "1/2-1/2"]
[WhiteElo "2460"]
[BlackElo "2425"]

1.Nf3 Nf6 2.c4 e6 3.d4 d5 4.Nc3 c6 5.e3 Nbd7 6.Bd3 Be7 7.O-O O-O 8.b3 b6
9.Bb2 Bb7 10.Qe2 Rc8 11.Rac1 Rc7 12.cxd5 cxd5 13.Ne5 Ne8 14.f4 Ndf6 15.Rc2 Nd6
16.Rfc1 Qb8 17.Ba3 Rfc8 18.Nb5 Rxc2 19.Rxc2 Rxc2 20.Qxc2 Nxb5 21.Bxe7 Qc7
22.Qxc7 Nxc7 23.Bd6 Nfe8 24.Ba3 f6 25.Nf3 Ba6 26.Bc2 Nb5 27.Bb4 Nbd6 28.Nd2 Bb7
29.a4 Ne4 30.Nxe4 dxe4 31.g4 g6 32.Kf2 f5 33.g5 Nc7 34.Bd6 Nd5 35.b4 a6 36.Ke2 b5
37.axb5 axb5 38.Kd2 Bc6 39.Bd1 Bd7 40.h4 Bc6 41.h5 Bd7  1/2-1/2

[Event "Ikaros op"]
[Site "Ikarios"]
[Date "1995.??.??"]
[Round "7"]
[White "Kalesis, Nikolaos"]
[Black "Karayannis, Athanasios"]
[Result "1/2-1/2"]
[WhiteElo "2410"]
[BlackElo "2370"]

1.d4 d5 2.c4 c6 3.Nc3 Nf6 4.e3 e6 5.Nf3 Nbd7 6.Bd3 dxc4 7.Bxc4 b5 8.Bd3 Bb7
9.O-O b4 10.Na4 c5 11.dxc5 Bxc5 12.Nxc5 Nxc5 13.Bb5+ Ke7 14.Qe2 Qb6 15.b3 Nd5
16.Bb2 Ne4 17.Bc4 Ndc3 18.Qc2 Rac8 19.a3 a5 20.axb4 axb4 21.Nd4 Rhd8 22.f3 Nf6
23.Bxc3 bxc3 24.Kh1 Kf8 25.Qxc3  1/2-1/2

[Event "Ilioupolis"]
[Site "Ilioupolis"]
[Date "1995.??.??"]
[Round "2"]
[White "Karayannis, Athanasios"]
[Black "Atalik, Suat"]
[Result "0-1"]
[WhiteElo "2320"]
[BlackElo "2500"]

1.d4 d5 2.Nf3 Nf6 3.c4 c6 4.e3 e6 5.Nc3 Nbd7 6.Bd3 dxc4 7.Bxc4 b5 8.Bd3 Bb7
9.O-O b4 10.Ne4 c5 11.Nxc5 Bxc5 12.dxc5 Nxc5 13.Bb5+ Ke7 14.Nd4 Qd5 15.f3 Rhd8
16.Qe1 a5 17.b3 Kf8 18.Bb2 e5 19.e4 Qd6 20.Bc4 Qb6 21.Qf2 exd4 22.Bxd4 Nfd7
23.Rac1 Qd6 24.Rfd1 Qe7 25.Qg3 Nf6 26.Qh4 Ne6 27.Bxe6 fxe6 28.e5 Ne8 29.Bc5 Rxd1+
30.Kf2 Rd6 31.Qxh7 Qg5 32.Re1 Rc8 33.h4 Qd2+ 34.Re2 Rxc5 35.Rxd2 Rxd2+ 36.Kg3 Rxe5
37.Qh8+ Kf7 38.h5  0-1

[Event "IRL-ch"]
[Site "IRL"]
[Date "1995.??.??"]
[Round "8"]
[White "Moynihan, Kieran"]
[Black "Kelly, Bryan"]
[Result "1/2-1/2"]
[WhiteElo "2095"]
[BlackElo "2210"]

1.d4 d5 2.c4 e6 3.Nc3 c6 4.Nf3 Nf6 5.e3 Nbd7 6.Bd3 dxc4 7.Bxc4 b5 8.Bd3 a6
9.e4 c5 10.e5 cxd4 11.Nxb5 Nxe5 12.Nxe5 axb5 13.Bxb5+ Bd7 14.Nxd7 Qa5+ 15.Bd2 Qxb5
16.Nxf8 Kxf8 17.b3 Ke7 18.a4 Qe5+ 19.Qe2 Qd5 20.O-O Rhc8 21.Qd3 Rab8 22.b4 Ne4
23.Rfc1 Nc3 24.Bxc3 dxc3 25.Rxc3 Qxd3 26.Rxd3 Rxb4 27.g3 Ra8 28.a5 Ra6 29.Rc3  1/2-1/2

[Event "Isle of Man op"]
[Site "Isle of Man"]
[Date "1995.??.??"]
[Round "2"]
[White "Sadler, Matthew"]
[Black "Bisby, Daniel L"]
[Result "1-0"]
[WhiteElo "2565"]
[BlackElo "2120"]

1.d4 d5 2.c4 c6 3.Nc3 Nf6 4.e3 e6 5.Nf3 Nbd7 6.Bd3 dxc4 7.Bxc4 b5 8.Bd3 Bb7
9.O-O b4 10.Ne4 Nxe4 11.Bxe4 Be7 12.Qa4 Qb6 13.Bd2 O-O 14.Rfc1 Rfc8 15.Rc4 Nf6
16.Bxb4 Nxe4 17.Bxe7 Qxb2 18.Rf1 a5 19.Rc2 Qb5 20.Qa3 Qd5 21.Rfc1 Rc7 22.Bc5 Bc8
23.Ne5 f6 24.Nc4 Nxc5 25.Nb6 Qe4 26.Nxa8 Ra7 27.Nb6  1-0

[Event "Katowice op"]
[Site "Katowice"]
[Date "1995.??.??"]
[Round "2"]
[White "Kempinski, Robert"]
[Black "Orzechowski, Jacek"]
[Result "1-0"]
[WhiteElo "2435"]
[BlackElo "2220"]

1.d4 d5 2.Nf3 Nf6 3.c4 c6 4.Nc3 e6 5.e3 Nbd7 6.Qc2 Bd6 7.g4 dxc4 8.Bxc4 Nd5
9.Ne4 Be7 10.Bd2 b6 11.Ng3 Bb7 12.e4 Nc7 13.O-O-O O-O 14.Bf4 Rc8 15.Kb1 Nd5
16.Bd2 b5 17.Be2 Nb4 18.Qb3 a5 19.g5 a4 20.Qe3 Qb6 21.h4 c5 22.h5 Nc2 23.Qd3 Nxd4
24.Nxd4 cxd4 25.Qxb5 Qxb5 26.Bxb5 Bc6 27.Bxc6 Rxc6 28.Rc1 Rfc8 29.Rxc6 Rxc6
30.f4 f6 31.gxf6 gxf6 32.Rc1 Rxc1+ 33.Kxc1 Kf7 34.Kc2 Nc5 35.b4 axb3+ 36.axb3 e5
37.fxe5 fxe5 38.b4 Nb7 39.Nf5 Bf8 40.Kd3 Ke6 41.Kc4 Bd6 42.Ng7+ Kf7 43.h6 Bf8
44.Kd5 Bxg7 45.hxg7 Kxg7 46.Kxe5 d3 47.Kd4 Kf6 48.Kxd3 Ke5 49.Be1 Kd6 50.Kd4 Kc6
51.e5 h5 52.Bh4 Kb5 53.Kd5  1-0

[Event "Katowice op"]
[Site "Katowice"]
[Date "1995.??.??"]
[Round "4"]
[White "Krivoshey, Sergei"]
[Black "Orzechowski, Jacek"]
[Result "1/2-1/2"]
[WhiteElo "2420"]
[BlackElo "2220"]

1.Nf3 d5 2.c4 c6 3.e3 Nf6 4.Nc3 e6 5.d4 Nbd7 6.Qc2 Bd6 7.g4 dxc4 8.Bxc4 Nd5
9.Bd2 b6 10.Ne4 Be7 11.Ng3 Bb7 12.e4 Nb4 13.Qb3 a5 14.a3 Na6 15.O-O O-O 16.Rfe1 b5
17.Bf1 b4 18.axb4 Nxb4 19.Bc3 c5 20.Red1 Qb6 21.d5 exd5 22.Bxg7 Kxg7 23.Nf5+ Kh8
24.Nxe7 Qe6 25.Nf5 Qxe4 26.h3 d4 27.Bg2 Qe6 28.N3xd4 cxd4 29.Qxe6 fxe6 30.Bxb7 exf5
31.Bxa8 Rxa8 32.Rxd4 Nc2 33.Rxa5 Rxa5 34.Rxd7 fxg4 35.hxg4 Rb5 36.Rd2 Rxb2
37.Kh2 Ra2 38.Kg3 Nb4 39.Rd8+ Kg7 40.Rd7+ Kg8  1/2-1/2

[Event "Katowice op"]
[Site "Katowice"]
[Date "1995.??.??"]
[Round "4"]
[White "Romanov, Oleg"]
[Black "Bednarski, Jacek B"]
[Result "1-0"]
[WhiteElo "2275"]
[BlackElo "2280"]

1.d4 e6 2.c4 d5 3.Nc3 c6 4.Nf3 Nf6 5.e3 Nbd7 6.Bd3 Bd6 7.O-O O-O 8.e4 e5
9.cxd5 cxd5 10.exd5 exd4 11.Nxd4 Nc5 12.Bf5 Nxd5 13.Nxd5 Bxh2+ 14.Kxh2 Qxd5
15.Bxc8 Raxc8 16.Be3 Rcd8 17.Kg1 Qe4 18.Qc2 Rxd4 19.Qxe4 Rxe4 20.Bxc5 Ra8
21.Rfe1 Rc4 22.Bxa7 h5 23.Be3 Rb4 24.b3  1-0

[Event "RUS-sf"]
[Site "Kazan"]
[Date "1995.??.??"]
[Round "6"]
[White "Volkov, Sergey"]
[Black "Filipenko, Alexander V"]
[Result "0-1"]
[WhiteElo "2380"]
[BlackElo "2420"]

1.d4 d5 2.c4 c6 3.Nc3 Nf6 4.e3 e6 5.Nf3 Nbd7 6.Bd3 dxc4 7.Bxc4 b5 8.Be2 Bb7
9.O-O Be7 10.e4 b4 11.e5 bxc3 12.exf6 Bxf6 13.bxc3 c5 14.dxc5 O-O 15.Ba3 Be7
16.Qd4 Qc7 17.Rab1 Bd5 18.c4 Bc6 19.Qe3 Ba4 20.c6 Bxa3 21.cxd7 Bc5 22.Qe4 Bc6
23.Qe5 Bd6 24.Qd4 e5 25.Qh4 Qxd7 26.Rfd1 Qc7 27.Nd2 Rad8 28.Bd3 g6 29.Nb3 Be7
30.Qh6 Rd7 31.Be2 Rfd8 32.Rxd7 Rxd7 33.Qe3 Kg7 34.h3 Ba4 35.Rd1 Rxd1+ 36.Bxd1 h6
37.Bf3 Bd7 38.Bd5 a5 39.Qf3 f5 40.Qc3 Bb4 41.Qb2 Be7 42.Qc3 a4 43.Na5 Bc5
44.Nb7 Bd4 45.Qb4 Bc8 46.Nd6 Bc5 47.Ne8+ Kf8 48.Nxc7 Bxb4 49.Bc6 a3 50.Kf1 e4
51.Ke2 Bd6 52.Nb5 Bc5 53.f3 exf3+ 54.Bxf3 Ke7 55.Kd3 g5 56.Kc3 g4 57.hxg4 fxg4
58.Ba8 h5 59.Kb3 h4 60.Nxa3 Bxa3 61.Kxa3 Kd6 62.Be4 Bd7 63.Bd3 h3 64.gxh3 gxh3  0-1

[Event "RUS-sf"]
[Site "Kazan"]
[Date "1995.??.??"]
[Round "9"]
[White "Volkov, Sergey"]
[Black "Alavkin, Arseny"]
[Result "1-0"]
[WhiteElo "2380"]
[BlackElo "2265"]

1.d4 d5 2.c4 c6 3.Nc3 Nf6 4.e3 e6 5.Nf3 Nbd7 6.Bd3 dxc4 7.Bxc4 b5 8.Be2 Bb7
9.O-O Be7 10.a3 a5 11.e4 b4 12.e5 bxc3 13.exf6 Bxf6 14.bxc3 c5 15.dxc5 O-O
16.Be3 Be7 17.c6 Bxc6 18.Nd4 Be4 19.c4 Qc7 20.Rc1 Nc5 21.Bf3 Bxf3 22.Qxf3 Rac8
23.Rfd1 Rfd8 24.Rb1 g6 25.h3 e5 26.Nb5 Rxd1+ 27.Rxd1 Qc6 28.Qd5 Qf6 29.Nd6 Bxd6
30.Qxd6 Qxd6 31.Rxd6 Ne4 32.Rd5 Rxc4 33.Rxe5 Ra4 34.Bh6 f5 35.f3 Nc3 36.Re7 Rxa3
37.Rg7+ Kf8 38.Rxh7+ Ke8 39.Rg7 a4 40.Rxg6 Rb3 41.Ra6 a3 42.Bg7 Nd5 43.Ra7 Ne3
44.f4 Rb1+ 45.Kf2 Nd5 46.Be5 Rb3 47.g4 Ne7 48.Bd6 Nc8 49.Ra8 Rxh3 50.gxf5  1-0

[Event "Kiekrz op"]
[Site "Kiekrz"]
[Date "1995.??.??"]
[Round "1"]
[White "Henriksen, Geir"]
[Black "Moore, Gerald"]
[Result "1-0"]
[WhiteElo "2250"]
[BlackElo "2210"]

1.d4 Nf6 2.Nf3 e6 3.c4 d5 4.Nc3 c6 5.e3 Be7 6.Qc2 Nbd7 7.b3 O-O 8.Be2 Qc7
9.O-O e5 10.cxd5 cxd5 11.dxe5 Nxe5 12.Bb2 Nxf3+ 13.Bxf3 Be6 14.Rac1 Rac8
15.Qb1 Qa5 16.Rfd1 Ba3 17.Bxa3 Qxa3 18.Nb5 Qa5 19.Nd4 Bg4 20.Bxg4 Rxc1 21.Rxc1 Nxg4
22.h3 Nf6 23.b4 Qb6 24.Qb3 Rd8 25.Rc5 a6 26.a3 Qd6 27.Qc2 Ne4 28.Rc7 Qb6
29.Nf5 h6 30.Qb2 d4 31.Rc4 Qe6 32.Rxd4 Rxd4 33.Nxd4 Qc4 34.Qc2 Nc3 35.g3 b5
36.h4 g6 37.Kg2 h5 38.Kg1 Kf8 39.Kg2 Ke7 40.Nf3 Qc6 41.Qd3 Ne4 42.Nd4 Qd5
43.f3 Nd6 44.e4 Qb7 45.Nb3 Nc4 46.Nc5 Qc6 47.a4 Nb2 48.Qc3 Nc4 49.Qd4 f6
50.a5 Ne5 51.Kf2 Qc8 52.Kg2 Qg8 53.f4 Qc4 54.Qxc4 Nxc4 55.Nxa6 Kd6 56.Kf3 Nd2+
57.Ke3 Nb3 58.Nc5 Nxc5 59.bxc5+ Kxc5 60.e5  1-0

[Event "Kiekrz op"]
[Site "Kiekrz"]
[Date "1995.??.??"]
[Round "1"]
[White "Schmidt, Wolfgang"]
[Black "Ahlander, Bjorn"]
[Result "1/2-1/2"]
[WhiteElo "2310"]
[BlackElo "2400"]

1.Nf3 Nf6 2.c4 e6 3.Nc3 d5 4.d4 c6 5.e3 Nbd7 6.Qc2 Bd6 7.Be2 O-O 8.O-O e5
9.cxd5 cxd5 10.dxe5 Nxe5 11.Rd1 Be6 12.Bd2 a6 13.Be1 Qe7 14.Nd4 Rad8 15.Nf5 Bxf5
16.Qxf5 Bb8 17.Rac1 g6 18.Qc2 Nc6 19.Bf3 d4 20.Bxc6 bxc6 21.Rxd4 Rxd4 22.exd4 Re8
23.g3 Qe6 24.f3 Qe3+ 25.Kg2 Qxd4 26.Bf2 Qd7 27.Rd1 Qb7 28.Bd4 Be5 29.Bf2 Bb8
30.Re1  1/2-1/2

[Event "Kishinev Interzonal (Women)"]
[Site "Kishinev"]
[Date "1995.??.??"]
[Round "5"]
[White "Ioseliani, Nana"]
[Black "Gurieli, Nino"]
[Result "1/2-1/2"]
[WhiteElo "2475"]
[BlackElo "2360"]

1.d4 d5 2.Nf3 Nf6 3.c4 c6 4.Nc3 e6 5.e3 Nbd7 6.Bd3 Be7 7.O-O O-O 8.b3 b6
9.Bb2 Bb7 10.Qe2 Rc8 11.Rfd1 Re8 12.Rac1 Bd6 13.e4 dxe4 14.Nxe4 Nxe4 15.Qxe4 Nf6
16.Qh4 h6 17.c5 Bf8 18.Ne5 Qe7 19.Qg3 Nd5 20.Qf3 g6 21.Be4 Red8 22.Re1 Bg7
23.Nc4 Rc7 24.Ne5 b5  1/2-1/2

[Event "Kishinev Interzonal (Women)"]
[Site "Kishinev"]
[Date "1995.??.??"]
[Round "7"]
[White "Belakovskaia, Anjelina"]
[Black "Galliamova, Alisa"]
[Result "1/2-1/2"]
[WhiteElo "2345"]
[BlackElo "2475"]

1.d4 d5 2.c4 c6 3.Nf3 Nf6 4.e3 e6 5.Nc3 Nbd7 6.Qc2 Bd6 7.b3 O-O 8.Bd3 b6
9.O-O Bb7 10.Bb2 Qe7 11.e4 dxe4 12.Nxe4 Nxe4 13.Bxe4 Nf6 14.Bd3 h6 15.Ne5 Rfd8
16.Qe2 Ba3 17.Bc3 Bb4 18.Bb2 Ba3 19.Bc3 a5 20.Rad1 Bb4 21.Bb2 a4 22.Bb1 axb3
23.axb3 Ba3 24.Bc3 Bb4 25.Bb2 Ba3 26.Bc3  1/2-1/2

[Event "Kishinev Interzonal (Women)"]
[Site "Kishinev"]
[Date "1995.??.??"]
[Round "7"]
[White "Shumiakina, Tatiana"]
[Black "Edzgveradze, Natalia"]
[Result "1/2-1/2"]
[WhiteElo "2345"]
[BlackElo "2320"]

1.d4 d5 2.c4 c6 3.Nc3 Nf6 4.e3 e6 5.Nf3 Nbd7 6.Bd3 dxc4 7.Bxc4 b5 8.Bd3 Bb7
9.a3 b4 10.Ne4 Nxe4 11.Bxe4 bxa3 12.bxa3 Qc7 13.O-O Bd6 14.Bd2 O-O 15.Rb1 Nf6
16.Qc2 Bxa3 17.Ne5 Nxe4 18.Qxe4 a5 19.Nc4 Bb4 20.Bxb4 axb4 21.Rxb4 Rfb8 22.Qe5 Qxe5
23.Nxe5 Ba6 24.Rxb8+ Rxb8 25.Ra1 Bb5 26.f4 f6 27.Nd7 Rb7 28.Nc5 Re7 29.Ra5 f5
30.Kf2 Kf7 31.h3 Kf6 32.g4 g5 33.Kg3 h6 34.Ra8 Bc4 35.Rh8 Kg6 36.Rd8 Ra7
37.Nd7 Bd5 38.Ne5+ Kf6 39.gxf5 Kxf5 40.fxg5 hxg5 41.Ng4 Ra3 42.Rf8+ Kg6 43.h4 gxh4+
44.Kxh4 Rc3 45.Rf6+ Kg7 46.Kg5 c5 47.Nh6 cxd4 48.Rg6+ Kf8 49.exd4 Rg3+  1/2-1/2

[Event "Kishinev Interzonal (Women)"]
[Site "Kishinev"]
[Date "1995.??.??"]
[Round "9"]
[White "Hoang Than Trang"]
[Black "Peng, Zhaoqin"]
[Result "0-1"]
[WhiteElo "2405"]
[BlackElo "2355"]

1.d4 d5 2.c4 c6 3.Nf3 Nf6 4.Nc3 e6 5.e3 Nbd7 6.Qc2 Bd6 7.b3 O-O 8.Be2 Re8
9.O-O Qe7 10.a4 dxc4 11.bxc4 e5 12.Qb3 c5 13.d5 e4 14.Nd2 a6 15.a5 Nf8 16.Rd1 Ng6
17.Bb2 h5 18.Nf1 Rb8 19.Na4 Ng4 20.Nb6 Qh4 21.g3 Qh3 22.Qa4 Bf5 23.Bxg4 Bxg4
24.f4 exf3 25.Qc2 h4 26.Qf2 hxg3 27.Nxg3 Rxe3 28.Bc1 Re2 29.Nxe2 fxe2 30.Re1 Nh4
31.Ra3 Nf3+ 32.Rxf3 Bxf3 33.Rxe2 Qg4+ 34.Kf1 Bxe2+ 35.Qxe2 Qxe2+ 36.Kxe2 Bxh2
37.Kd3 Bd6 38.Be3 f5 39.Nd7 Rc8 40.Nb6 Re8 41.Na4 f4 42.Bxc5 Bxc5 43.Nxc5 f3
44.Ne6 Rxe6 45.dxe6 g5 46.Ke3 g4  0-1

[Event "Klatovy op"]
[Site "Klatovy"]
[Date "1995.??.??"]
[Round "8"]
[White "Pinc, Miroslav"]
[Black "Kopal, Josef"]
[Result "1/2-1/2"]
[WhiteElo "2210"]
[BlackElo "2120"]

1.d4 d5 2.Nf3 c6 3.c4 Nf6 4.Nc3 e6 5.e3 Nbd7 6.Bd3 Bb4 7.O-O O-O 8.a3 Ba5
9.Qc2 Re8 10.b4 Bc7 11.e4 dxc4 12.Bxc4 e5 13.Ba2 exd4 14.Nxd4 Nf8 15.Nf3 Be6
16.Rd1 Qe7 17.e5 Bxe5 18.Bxe6 Qxe6 19.Bb2 Qc4 20.Rac1 Bxc3 21.Bxc3 Rad8 22.Rxd8 Rxd8
23.Qb2 Qf4 24.Bd4 a6 25.h3 Ne6 26.Be5 Qf5 27.a4 Rd5 28.Re1 h6 29.Qc3 Rd3
30.Qc4 Ra3 31.b5 Qd3 32.Qxd3 Rxd3 33.bxa6 bxa6 34.Rb1 Nd7 35.Bg3 Ra3 36.Rb2 Ndc5
37.Rb8+ Kh7 38.Ne5 Ne4 39.Nxf7 Nxg3 40.fxg3 Rxa4 41.Rh8+ Kg6 42.Ne5+ Kf6
43.Nxc6 Rc4 44.Na5 Rc5 45.Nb7 Rb5 46.Nd6 Rd5 47.Nb7 Rb5 48.Nd6 Rd5  1/2-1/2

[Event "Kuopio op1"]
[Site "Kuopio"]
[Date "1995.??.??"]
[Round "?"]
[White "Skomorokhin, Roman"]
[Black "Wallace, John Paul"]
[Result "1/2-1/2"]
[WhiteElo "2465"]
[BlackElo "2345"]

1.d4 d5 2.c4 e6 3.Nc3 c6 4.e3 Nf6 5.Nf3 Nbd7 6.b3 Bb4 7.Bd2 Bd6 8.Qc2 O-O
9.Bd3 Qe7 10.Rd1 Re8 11.Be2 dxc4 12.Bxc4 b5 13.Be2 Bb7 14.Ne4 Nxe4 15.Qxe4 a6
16.Qh4 Qf8 17.O-O Rad8 18.a4 h6 19.e4 e5 20.dxe5 Nxe5 21.Nxe5 Bxe5 22.Bb4 Bf6
23.Bxf8 Bxh4 24.Bc5 Rxe4 25.Bf3 Re6 26.g3 Bf6 27.Rxd8+ Bxd8 28.Rd1 Be7 29.Be3 Rd6
30.Rc1 Rd3 31.Bxc6 Bxc6 32.Rxc6 Rxb3 33.Rxa6  1/2-1/2

[Event "La Coruna TH op"]
[Site "La Coruna"]
[Date "1995.??.??"]
[Round "1"]
[White "Bernal Moro, Luis Javier"]
[Black "Alonso Pascual, Francisco"]
[Result "1-0"]
[WhiteElo "2400"]
[BlackElo "2230"]

1.d4 d5 2.c4 e6 3.Nc3 c6 4.e3 Nf6 5.Nf3 Nbd7 6.Bd3 Bd6 7.e4 dxe4 8.Nxe4 Nxe4
9.Bxe4 Nf6 10.Bc2 Be7 11.O-O O-O 12.Qd3 c5 13.Bg5 g6 14.dxc5 Qxd3 15.Bxd3 a5
16.Ne5 Kg7 17.c6 Bd6 18.cxb7 Bxb7 19.Bxf6+ Kxf6 20.Nd7+ Kg7 21.Nxf8 Kxf8
22.Rad1 Be5 23.b3 Bd4 24.Bxg6 Bxf2+ 25.Rxf2 hxg6 26.Rd7  1-0

[Event "Las Palmas op"]
[Site "Las Palmas"]
[Date "1995.??.??"]
[Round "2"]
[White "Villavicencio, Adalberto"]
[Black "Flear, Glenn C"]
[Result "1-0"]
[WhiteElo "2310"]
[BlackElo "2495"]

1.d4 d5 2.c4 e6 3.Nc3 c6 4.e3 Nf6 5.Nf3 Nbd7 6.Qc2 Bd6 7.Be2 O-O 8.O-O dxc4
9.Bxc4 b5 10.Be2 Bb7 11.Rd1 Qb8 12.b3 a6 13.Ne4 Nxe4 14.Qxe4 c5 15.Qh4 cxd4
16.Nxd4 Ne5 17.Bb2 Rc8 18.Qh3 Bd5 19.Nf5 exf5 20.Rxd5 Rc2 21.Bxe5 Bxe5 22.Qxf5 Bxh2+
23.Kf1 Rc6 24.Rad1 Rf6 25.Qd3 Bc7 26.Bf3 h6 27.Rf5 Rd6 28.Bd5 Rd7 29.Bxf7+ Rxf7
30.Qd5  1-0

[Event "Leeuwarden op"]
[Site "Leeuwarden"]
[Date "1995.??.??"]
[Round "5"]
[White "Horvath, Jozsef"]
[Black "Komarov, Dimitri"]
[Result "1/2-1/2"]
[WhiteElo "2510"]
[BlackElo "2575"]

1.d4 d5 2.c4 c6 3.Nc3 Nf6 4.e3 e6 5.Nf3 Nbd7 6.Qc2 Bd6 7.Be2 O-O 8.O-O Qe7
9.Rd1 Re8 10.h3 b6 11.e4 Nxe4 12.Nxe4 dxe4 13.Qxe4 Bb7 14.Bf4 Bxf4 15.Qxf4 c5
16.Qc7 Nf8 17.Qxe7 Rxe7 18.dxc5 bxc5 19.Nd2 Ng6  1/2-1/2

[Event "Leeuwarden op"]
[Site "Leeuwarden"]
[Date "1995.??.??"]
[Round "7"]
[White "Ligterink, Gert"]
[Black "Huzman, Alexander"]
[Result "1-0"]
[WhiteElo "2440"]
[BlackElo "2580"]

1.d4 d5 2.c4 c6 3.Nc3 Nf6 4.e3 e6 5.Nf3 Nbd7 6.Qc2 Bd6 7.Be2 O-O 8.O-O Qe7
9.Rd1 Re8 10.h3 h6 11.a3 b6 12.e4 dxe4 13.Nxe4 Nxe4 14.Qxe4 Bb7 15.Bf4 Bxf4
16.Qxf4 c5 17.Qc7 Rab8 18.dxc5 Nxc5 19.Qxe7 Rxe7 20.b4 Ne4 21.Rac1 e5 22.Nd2 Nxd2
23.Rxd2 Kf8 24.c5 Rc8 25.c6 Rxc6 26.Rd8+ Re8 27.Rxe8+ Kxe8 28.Bb5 Kd7 29.f3 Kd6
30.Bxc6 Bxc6 31.Kf2 f5 32.g3 g5 33.h4 a5 34.Rd1+ Bd5 35.bxa5 bxa5 36.Rb1 Kc5
37.Rb8 f4 38.gxf4 exf4 39.Rh8 gxh4 40.Rxh6 Kd4 41.Rxh4 Ke5 42.Rh5+  1-0

[Event "Leeuwarden op"]
[Site "Leeuwarden"]
[Date "1995.??.??"]
[Round "9"]
[White "Ligterink, Gert"]
[Black "Ciechonski, Piotr"]
[Result "1/2-1/2"]
[WhiteElo "2440"]
[BlackElo "2180"]

1.d4 d5 2.c4 c6 3.Nf3 Nf6 4.Nc3 e6 5.e3 Nbd7 6.Qc2 Bd6 7.Be2 O-O 8.O-O b6
9.e4 Nxe4 10.Nxe4 dxe4 11.Qxe4 Qc7 12.Bd3 g6 13.Qh4 f5 14.Re1 Re8 15.Bh6 Nf8
16.c5 bxc5 17.dxc5 Bxc5 18.Bc4 Rb8 19.Re2 Qd8 20.Qf4 Qd6 21.Qc1 Qc7 22.Ne5 Bd6
23.Qc3 Bb4 24.Qf3 Rb6 25.h4 Bd6 26.Qc3 Ba6 27.Bxa6 Rxa6 28.h5 gxh5 29.Rae1 c5
30.Nc4 Bf4 31.Bxf8 Rxf8 32.Rxe6 Rxe6 33.Rxe6 Qd7 34.Qe1 h4 35.Re7 Qd4 36.Qe6+ Kh8
37.Rd7 Qe4 38.Qxe4 fxe4 39.Rxa7 Rd8 40.Ne3 c4 41.Re7 Bxe3 42.fxe3 Rd2 43.Rxe4 h3
44.gxh3 Rxb2 45.Rxc4 Rxa2 46.Rg4 Re2 47.Rg3 h5 48.Kf1 Rh2 49.Kg1 Re2 50.Kf1 Rh2
51.e4 Kh7 52.e5 h4 53.Rf3 Kg7 54.e6 Ra2  1/2-1/2

[Event "Leon"]
[Site "Leon"]
[Date "1995.??.??"]
[Round "6"]
[White "Morovic Fernandez, Ivan"]
[Black "Akopian, Vladimir"]
[Result "1/2-1/2"]
[WhiteElo "2575"]
[BlackElo "2655"]

1.d4 d5 2.c4 c6 3.Nc3 Nf6 4.e3 e6 5.Nf3 Nbd7 6.Bd3 dxc4 7.Bxc4 b5 8.Bd3 Bb7
9.O-O a6 10.e4 c5 11.d5 c4 12.dxe6 fxe6 13.Bc2 Qc7 14.Ng5 Nc5 15.e5 Qxe5
16.Re1 Qd6 17.Qxd6 Bxd6 18.Be3 O-O 19.Rad1 Be7 20.Bxc5 Bxc5 21.Nxe6 Rfc8
22.h3 Rab8 23.g4 Bf3 24.Rd2 b4 25.Na4 Ba7 26.g5 Nd5 27.g6 h6 28.b3 Re8 29.bxc4 Nf4
30.c5 Nxe6 31.Bb3 Kf8 32.Bxe6 Rbd8 33.Rxd8 Rxd8 34.Nb6 Bc6 35.Bb3 Re8 36.Rd1 Re4
37.Kf1 a5 38.Rd8+ Re8 39.Rd6 Bb5+ 40.Kg2 Bb8 41.Nd7+ Ke7 42.Nxb8 Rxb8 43.f4 a4
44.Be6 Be8 45.f5 b3 46.axb3 axb3 47.Rb6 Rxb6 48.cxb6 b2 49.Ba2 Kd6 50.f6 gxf6
51.g7 Bf7 52.b7 Kc7 53.b8=Q+ Kxb8 54.Bxf7 b1=Q 55.g8=Q+ Kc7 56.Qg3+ Kd7 57.Qg4+ Kd8
58.Qg8+ Kc7 59.Qg3+ Kd7 60.Qg4+ Kd8 61.Qd4+ Ke7 62.Bh5 Qa2+ 63.Kg1 Qb1+ 64.Bd1 Qb8
65.Bg4 Qe5 66.Qd3 Kf8 67.Bd1 h5 68.Kf1 h4 69.Bb3 Qf4+ 70.Ke2 Qh2+ 71.Kd1 Qg1+
72.Kc2 Qf2+ 73.Kb1 Qe1+ 74.Kc2 Qf2+ 75.Kc1 Kg7 76.Bc2 Qg1+ 77.Kb2 Qb6+ 78.Kc1 Qg1+
79.Kb2 Qb6+ 80.Bb3 Qf2+ 81.Ka1 Qa7+ 82.Kb2 Qf2+ 83.Kc1  1/2-1/2

[Event "Leon"]
[Site "Leon"]
[Date "1995.??.??"]
[Round "9"]
[White "Sokolov, Ivan"]
[Black "Shirov, Alexei"]
[Result "1/2-1/2"]
[WhiteElo "2645"]
[BlackElo "2710"]

1.d4 d5 2.c4 c6 3.Nc3 Nf6 4.Nf3 e6 5.e3 Nbd7 6.Bd3 dxc4 7.Bxc4 b5 8.Bd3 Bb7
9.O-O a6 10.e4 c5 11.d5 Qc7 12.Bc2 c4 13.dxe6 fxe6 14.Ng5 Nc5 15.e5 Qc6 16.f3 Nfd7
17.Qe2 Nd3 18.Bxd3 cxd3 19.Qxd3 Nxe5 20.Qe2 h6 21.Qxe5 Qc5+ 22.Qxc5 Bxc5+
23.Kh1 hxg5 24.Bxg5 Bd4 25.Rfe1 O-O 26.Be3 Bxc3 27.bxc3 e5 28.Rad1 Rac8 29.Rd7 Rf7
30.Rxf7  1/2-1/2